| 000 | 00335nam a2200121Ia 4500 | ||
|---|---|---|---|
| 005 | 20251222141856.0 | ||
| 008 | 251222s9999||||xx |||||||||||||| ||spa|| | ||
| 082 | _a323.042/A41 | ||
| 100 | _aAlfaro Moreno, Rosa María | ||
| 245 | 0 | _aCiudadanas "De a de veras": | |
| 264 | _bAsociación de Comunicadores Sociales Calandria | ||
| 942 | _cLIB | ||
| 999 |
_c7891 _d7891 |
||